000 00897cac a22002291u 4500
090 _c166
008 081027t xxu||||| |||| 00| 0 eng d
010 _a 99012314
020 _a0805831223 (cloth : alk. paper)
020 _a0805831231 (pbk. : alk. paper)
035 _a(DLC) 99012314
082 0 0 _a005.7/2
_bA374
100 _aAlexander, Janet E.
245 1 0 _aWeb wisdom :
_bhow to evaluate and create information quality on the Web /
_cJanet E. Alexander, Marsha Ann Tate.
260 _aMahwah, N.J. :
_bLawrence Erlbaum Associates,
_cc1999.
300 _axv, 156 p. :
_bill. ;
_c26 cm.
650 0 _aWeb sites.
650 0 _aWorld Wide Web.
700 1 _aTate, Marsha Ann.
942 _cBB
_k005.72A374
_2ddc
999 _c166
_d166